000 00253nam a22001097a 4500
999 _c168432
_d168432
082 _a
_b
100 _aKranthi Mrudiraj
245 _aKavi Rameswar Shukla Amchal/
_cby Kranthi Mrudiraj.
260 _aMathura:
_bJawahar,
_c
650 _a
942 _cBK